ბათუმის შოთა რუსთაველის სახელმწიფო უნივერსიტეტის ბიბლიოთეკა

პიროგოვი : (ბიბ.ჩანაწერი № 62467)

000 -ლიდერი
ფიქსირებული სიგრძის საკონტროლო ველი 00971nam a22002057a 4500
003 - საკონტროლო ნომრის იდენტიფიკატორი
საკონტროლო ველი Ge_BSU
005 - ბოლო ოპერაციის თარიღი და დრო
საკონტროლო ველი 20241114114700.0
008 - ფიქსირებული სიგრძის მონაცემთა ელემენტები - ზოგადი ინფორმაცია
ფიქსირებული სიგრძის საკონტროლო ველი 241114s1966 ge ||||| |||| 00| 0 geo d
041 ## - ენის კოდი
Language code of text/sound track or separate title geo
080 ## - უნივერსალური ათობითი კლასიფიკაციის ინდექსი
Universal Decimal Classification number 617(470)(092) მ-80
100 ## - მთავარი ჩანაწერი - პიროვნების სახელი
Personal name მოგილევსკი, ბ.ლ.,
9 (RLIN) 23690
245 ## - ცნობა სათაურის შესახებ
Title პიროგოვი :
Remainder of title [ქირურგი და პედაგოგი] /
Statement of responsibility, etc ბ.ლ. მოგილევსკი ; თარგმნა კარლო ცხადაიამ.
264 ## - წარმოების, გამოცემის, დისტრიბუციის და სხვა ცნობები
გამოცემის, წარმოების, დისტრიბუციის... ადგილი თბილისი :
გამოცემის, წარმოების, დისტრიბუციის... სახელწოდება ნაკადული,
გამოცემის, წარმოების, დისტრიბუციის... თარიღი 1966.
300 ## - ფიზიკური აღწერა
Extent 351 გვ. :
Other physical details 1 ფ. პორტრ. ;
Dimensions 21 სმ.
440 ## - სერიის ცნობა / დამატებულია ჩანაწერი - სათაური
Title გამოჩენილ ადამიანთა ცხოვრება ; N 27
9 (RLIN) 23691
653 ## - INDEX TERM--UNCONTROLLED
Uncontrolled term პიროგოვი, ნ.ი.
653 ## - INDEX TERM--UNCONTROLLED
Uncontrolled term რუსი ქირურგები.
700 ## - ADDED ENTRY--PERSONAL NAME
Personal name ცხადაია, კარლო
Relator term მთარგმნელი
9 (RLIN) 23692
942 ## - ADDED ENTRY ELEMENTS (KOHA)
Source of classification or shelving scheme
Koha item type წიგნი
ეგზემპლარები
ჩამოწერის სტატუსი დაკარგული ეგზემპლარის სტატუსი კლასიფიკაციის წყარო ან თაროზე გაწყობის სქემა დაზიანების სტატუსი არ გაიცემა მუდმივი მდებარეობა (დაცვის ადგილი) ამჟამინდელი ადგილსამყოფელი თაროზე განთავსების ადგილი შეძენის თარიღი ღირებულება, შესყიდვის ნორმალური ფასი სრული შენახვის შიფრი შტრიხკოდი ბოლო ოპერაციის თარიღი ეგზემპლარის მიმდევრობითი ნომერი (კეტერი?) ფასის ძალაში შესვლის თარიღი ეგზემპლარის სახეობა საჯარო შენიშვნა
          ბათუმის შოთა რუსთაველის სახელმწიფო უნივერსიტეტის მთავარი ბიბლიოთეკა ბათუმის შოთა რუსთაველის სახელმწიფო უნივერსიტეტის მთავარი ბიბლიოთეკა წიგნსაცავი 2024-11-14 1.00 617(470)(092) მ-80 69750 2024-11-14 69750 2024-11-14 წიგნი 1ლ.98თ.